[Event "English Open Championship 2024"]
[Site "Holiday Inn, 212 Abbey End, Kenilworth CV8 1ED, United Kingdom"]
[Date "2024.06.21"]
[Round "4.5"]
[White "Wadsworth, Matthew J"]
[Black "Verbytski, Oleg"]
[Result "1/2-1/2"]
[TimeControl "G90 + 30secs/move"]
[WhiteFideId "415804"]
[BlackFideId "495506"]
[WhiteElo "2467"]
[BlackElo "2008"]

1. d4 {[%clk 01:28:08]} {[%emt 00:02:51]} d5 {[%clk 01:30:56]} {[%emt
00:00:05]} 2. c4 {[%clk 01:28:29]} {[%emt 00:00:08]} e6 {[%clk 01:31:20]}
{[%emt 00:00:06]} 3. Nf3 {[%clk 01:28:46]} {[%emt 00:00:13]} Nf6 {[%clk
01:31:45]} {[%emt 00:00:05]} 4. g3 {[%clk 01:28:59]} {[%emt 00:00:16]} Bb4+
{[%clk 01:32:12]} {[%emt 00:00:04]} 5. Bd2 {[%clk 01:29:07]} {[%emt 00:00:21]}
Be7 {[%clk 01:32:39]} {[%emt 00:00:03]} 6. Bg2 {[%clk 01:28:05]} {[%emt
00:01:32]} O-O {[%clk 01:32:54]} {[%emt 00:00:15]} 7. O-O {[%clk 01:28:23]}
{[%emt 00:00:10]} c6 {[%clk 01:33:12]} {[%emt 00:00:15]} 8. Bc3 {[%clk
01:28:14]} {[%emt 00:00:39]} Nbd7 {[%clk 01:26:49]} {[%emt 00:06:52]} 9. Nbd2
{[%clk 01:28:27]} {[%emt 00:00:17]} dxc4 {[%clk 01:26:13]} {[%emt 00:01:06]} 10.
Nxc4 {[%clk 01:26:59]} {[%emt 00:01:56]} b5 {[%clk 01:25:33]} {[%emt 00:01:12]}
11. Nfe5 {[%clk 01:22:23]} {[%emt 00:05:07]} Nb8 {[%clk 01:21:33]} {[%emt
00:04:30]} 12. Na5 {[%clk 01:18:26]} {[%emt 00:04:26]} Bd7 {[%clk 01:20:23]}
{[%emt 00:01:40]} 13. Naxc6 {[%clk 01:18:00]} {[%emt 00:00:56]} Nxc6 {[%clk
01:20:39]} {[%emt 00:00:14]} 14. Nxc6 {[%clk 01:18:23]} {[%emt 00:00:07]} Bxc6
{[%clk 01:21:00]} {[%emt 00:00:09]} 15. Bxc6 {[%clk 01:18:47]} {[%emt
00:00:06]} Rb8 {[%clk 01:21:19]} {[%emt 00:00:12]} 16. Bg2 {[%clk 01:10:41]}
{[%emt 00:08:35]} b4 {[%clk 01:20:36]} {[%emt 00:01:14]} 17. Be1 {[%clk
01:11:03]} {[%emt 00:00:07]} Qd7 {[%clk 01:17:40]} {[%emt 00:03:26]} 18. e3
{[%clk 01:04:43]} {[%emt 00:06:50]} Rfd8 {[%clk 01:16:01]} {[%emt 00:02:09]} 19.
f4 {[%clk 01:02:48]} {[%emt 00:02:25]} a5 {[%clk 01:14:53]} {[%emt 00:01:38]}
20. Bf2 {[%clk 00:55:33]} {[%emt 00:07:45]} a4 {[%clk 01:13:51]} {[%emt
00:01:32]} 21. Rc1 {[%clk 00:53:06]} {[%emt 00:02:57]} a3 {[%clk 01:13:15]}
{[%emt 00:01:06]} 22. Qb3 {[%clk 00:43:38]} {[%emt 00:09:58]} Nd5 {[%clk
01:08:39]} {[%emt 00:05:05]} 23. Rc2 {[%clk 00:35:18]} {[%emt 00:08:51]} axb2
{[%clk 01:07:48]} {[%emt 00:01:21]} 24. Qxb2 {[%clk 00:33:39]} {[%emt
00:02:09]} Ra8 {[%clk 01:07:35]} {[%emt 00:00:43]} 25. Re1 {[%clk 00:28:17]}
{[%emt 00:05:52]} Ra3 {[%clk 01:05:30]} {[%emt 00:02:36]} 26. Bxd5 {[%clk
00:24:57]} {[%emt 00:03:49]} Qxd5 {[%clk 01:05:24]} {[%emt 00:00:36]} 27. e4
{[%clk 00:25:21]} {[%emt 00:00:06]} Qa5 {[%clk 01:04:18]} {[%emt 00:01:36]} 28.
Ree2 {[%clk 00:24:19]} {[%emt 00:01:32]} Bf8 {[%clk 01:01:41]} {[%emt
00:03:06]} 29. Kg2 {[%clk 00:21:50]} {[%emt 00:02:59]} Rb8 {[%clk 01:00:27]}
{[%emt 00:01:45]} 30. Qc1 {[%clk 00:20:25]} {[%emt 00:01:55]} Qa8 {[%clk
00:59:28]} {[%emt 00:01:29]} 31. Qd2 {[%clk 00:18:44]} {[%emt 00:02:11]} f5
{[%clk 00:58:06]} {[%emt 00:01:52]} 32. Re3 {[%clk 00:12:15]} {[%emt 00:06:59]}
fxe4 {[%clk 00:55:12]} {[%emt 00:03:24]} 33. Qe2 {[%clk 00:09:48]} {[%emt
00:02:57]} Qd5 {[%clk 00:52:11]} {[%emt 00:03:31]} 34. Kg1 {[%clk 00:07:46]}
{[%emt 00:02:31]} Rba8 {[%clk 00:47:22]} {[%emt 00:05:19]} 35. Rxa3 {[%clk
00:08:00]} {[%emt 00:00:17]} bxa3 {[%clk 00:46:46]} {[%emt 00:01:06]} 36. Be3
{[%clk 00:07:20]} {[%emt 00:01:10]} Rb8 {[%clk 00:44:52]} {[%emt 00:02:24]} 37.
Kg2 {[%clk 00:07:09]} {[%emt 00:00:41]} Rb1 {[%clk 00:41:20]} {[%emt 00:04:02]}
38. g4 {[%clk 00:06:56]} {[%emt 00:00:43]} Rb8 {[%clk 00:34:46]} {[%emt
00:07:04]} 39. Kg3 {[%clk 00:06:54]} {[%emt 00:00:31]} Bd6 {[%clk 00:33:15]}
{[%emt 00:02:02]} 40. h4 {[%clk 00:05:42]} {[%emt 00:01:41]} h6 {[%clk
00:32:47]} {[%emt 00:00:59]} 41. h5 {[%clk 00:06:02]} {[%emt 00:00:10]} Qb5
{[%clk 00:28:19]} {[%emt 00:04:58]} 42. Qxb5 {[%clk 00:05:24]} {[%emt
00:01:08]} Rxb5 {[%clk 00:28:24]} {[%emt 00:00:25]} 43. Bc1 {[%clk 00:05:07]}
{[%emt 00:00:47]} Rd5 {[%clk 00:26:53]} {[%emt 00:02:02]} 44. Rc4 {[%clk
00:04:32]} {[%emt 00:01:04]} Rb5 {[%clk 00:27:07]} {[%emt 00:00:16]} 45. Rc2
{[%clk 00:04:22]} {[%emt 00:00:40]} Rd5 {[%clk 00:27:28]} {[%emt 00:00:08]} 46.
Rc4 {[%clk 00:04:32]} {[%emt 00:00:20]} Rb5 {[%clk 00:27:54]} {[%emt 00:00:04]}
47. Rc3 {[%clk 00:03:36]} {[%emt 00:01:27]} Rd5 {[%clk 00:17:07]} {[%emt
00:11:17]} 48. Bxa3 {[%clk 00:01:57]} {[%emt 00:02:09]} Bxa3 {[%clk 00:14:39]}
{[%emt 00:02:58]} 49. Rxa3 {[%clk 00:02:26]} Rxd4 {[%clk 00:13:56]} {[%emt
00:01:13]} 50. Re3 {[%clk 00:01:09]} {[%emt 00:01:46]} Ra4 {[%clk 00:14:14]}
{[%emt 00:00:13]} 51. a3 {[%clk 00:00:54]} {[%emt 00:00:45]} Kf7 {[%clk
00:12:34]} {[%emt 00:02:10]} 52. g5 {[%clk 00:00:47]} {[%emt 00:00:37]} e5
{[%clk 00:11:55]} {[%emt 00:01:09]} 53. gxh6 {[%clk 00:00:37]} {[%emt
00:00:39]} exf4+ {[%clk 00:11:58]} {[%emt 00:00:28]} 54. Kxf4 {[%clk 00:01:01]}
{[%emt 00:00:06]} gxh6 {[%clk 00:12:23]} {[%emt 00:00:05]} 55. Rc3 {[%clk
00:00:43]} {[%emt 00:00:48]} Kf6 {[%clk 00:11:18]} {[%emt 00:01:34]} 56. Rc6+
{[%clk 00:00:48]} {[%emt 00:00:25]} Kg7 {[%clk 00:11:35]} {[%emt 00:00:13]} 57.
Rg6+ {[%clk 00:00:46]} {[%emt 00:00:32]} Kh7 {[%clk 00:11:46]} {[%emt
00:00:20]} 58. Re6 {[%clk 00:00:50]} {[%emt 00:00:25]} Rxa3 {[%clk 00:11:23]}
{[%emt 00:00:54]} 59. Re7+ {[%clk 00:00:59]} {[%emt 00:00:21]} Kg8 {[%clk
00:11:39]} {[%emt 00:00:13]} 60. Rxe4 {[%clk 00:01:05]} {[%emt 00:00:25]}
1/2-1/2

[Event "English Open Championship 2024"]
[Site "Holiday Inn, 212 Abbey End, Kenilworth CV8 1ED, United Kingdom"]
[Date "2024.06.21"]
[Round "4.6"]
[White "Gormally, Daniel W"]
[Black "Bowcott-Terry, Finlay"]
[Result "1-0"]
[TimeControl "G90 + 30secs/move"]
[WhiteFideId "406465"]
[BlackFideId "449199"]
[WhiteElo "2421"]
[BlackElo "2132"]

1. d4 {[%clk 01:30:56]} {[%emt 00:00:03]} f5 {[%clk 01:30:58]} {[%emt
00:00:03]} 2. Bg5 {[%clk 01:31:14]} {[%emt 00:00:11]} h6 {[%clk 01:31:24]}
{[%emt 00:00:04]} 3. Bh4 {[%clk 01:31:36]} {[%emt 00:00:07]} g5 {[%clk
01:31:49]} {[%emt 00:00:05]} 4. e3 {[%clk 01:31:57]} {[%emt 00:00:10]} Bg7
{[%clk 01:32:16]} {[%emt 00:00:04]} 5. Bg3 {[%clk 01:32:19]} {[%emt 00:00:07]}
c5 {[%clk 01:32:43]} {[%emt 00:00:04]} 6. c3 {[%clk 01:31:18]} {[%emt
00:01:31]} Qb6 {[%clk 01:33:04]} {[%emt 00:00:09]} 7. Qc2 {[%clk 01:29:08]}
{[%emt 00:02:39]} d5 {[%clk 01:33:07]} {[%emt 00:00:28]} 8. h4 {[%clk
01:24:45]} {[%emt 00:04:52]} Nc6 {[%clk 01:29:27]} {[%emt 00:04:11]} 9. hxg5
{[%clk 01:25:05]} {[%emt 00:00:09]} hxg5 {[%clk 01:28:59]} {[%emt 00:00:59]} 10.
Rxh8 {[%clk 01:25:26]} {[%emt 00:00:08]} Bxh8 {[%clk 01:29:28]} 11. Nf3 {[%clk
01:23:27]} {[%emt 00:02:30]} g4 {[%clk 01:11:59]} {[%emt 00:18:00]} 12. Nh4
{[%clk 01:22:31]} {[%emt 00:01:24]} e6 {[%clk 01:04:47]} {[%emt 00:07:44]} 13.
Ng6 {[%clk 01:22:33]} {[%emt 00:00:27]} Bf6 {[%clk 01:04:43]} {[%emt 00:00:35]}
14. Nd2 {[%clk 01:22:45]} {[%emt 00:00:18]} cxd4 {[%clk 01:02:54]} {[%emt
00:02:19]} 15. exd4 {[%clk 01:23:00]} {[%emt 00:00:14]} Bd7 {[%clk 01:02:37]}
{[%emt 00:00:48]} 16. Nb3 {[%clk 01:21:36]} {[%emt 00:01:55]} Kf7 {[%clk
00:56:24]} {[%emt 00:06:43]} 17. Nf4 {[%clk 01:20:56]} {[%emt 00:01:09]} Be7
{[%clk 00:56:12]} {[%emt 00:00:43]} 18. O-O-O {[%clk 01:16:22]} {[%emt
00:05:02]} Nf6 {[%emt 00:02:23]} 19. Nd3 {[%clk 01:15:44]} Rh8 {[%clk
00:52:30]} {[%emt 00:03:28]} 20. Nbc5 {[%clk 01:09:55]} {[%emt 00:06:18]} Bc8
{[%clk 00:52:51]} {[%emt 00:00:10]} 21. f3 {[%clk 01:07:39]} {[%emt 00:02:46]}
Qd8 {[%clk 00:51:32]} {[%emt 00:01:49]} 22. Ne5+ {[%clk 01:06:12]} {[%emt
00:01:57]} Nxe5 {[%clk 00:51:22]} {[%emt 00:00:41]} 23. Bxe5 {[%clk 01:06:26]}
{[%emt 00:00:15]} gxf3 {[%clk 00:49:17]} {[%emt 00:02:36]} 24. gxf3 {[%clk
01:06:30]} {[%emt 00:00:25]} Rh1 {[%clk 00:47:11]} {[%emt 00:02:36]} 25. Qg2
{[%clk 01:05:06]} {[%emt 00:01:54]} Qh8 {[%clk 00:47:08]} {[%emt 00:00:33]} 26.
Nd3 {[%clk 01:02:57]} {[%emt 00:02:38]} Qh7 {[%clk 00:43:16]} {[%emt 00:04:22]}
27. Nf2 {[%clk 00:52:14]} {[%emt 00:11:13]} Qh6+ {[%clk 00:41:41]} {[%emt
00:02:06]} 28. Kb1 {[%clk 00:51:42]} {[%emt 00:01:02]} Rh4 {[%clk 00:39:37]}
{[%emt 00:02:34]} 29. Bg3 {[%clk 00:46:26]} {[%emt 00:05:46]} Rh5 {[%clk
00:39:57]} {[%emt 00:00:10]} 30. Nh3 {[%clk 00:46:52]} {[%emt 00:00:03]} Nd7
{[%clk 00:36:14]} {[%emt 00:04:14]} 31. Bf4 {[%clk 00:47:07]} {[%emt 00:00:16]}
Qh7 {[%clk 00:36:21]} {[%emt 00:00:22]} 32. Bc1 {[%clk 00:44:00]} {[%emt
00:03:37]} Nf8 {[%clk 00:35:09]} {[%emt 00:01:43]} 33. f4 {[%clk 00:40:42]}
{[%emt 00:03:47]} Ke8 {[%clk 00:33:40]} {[%emt 00:01:59]} 34. Ng5 {[%clk
00:38:13]} {[%emt 00:02:59]} Qh6 {[%clk 00:30:56]} {[%emt 00:03:15]} 35. c4
{[%clk 00:36:34]} {[%emt 00:02:09]} Rh2 {[%clk 00:29:47]} {[%emt 00:01:38]} 36.
Qf3 {[%clk 00:33:41]} {[%emt 00:03:23]} Qh5 {[%clk 00:26:21]} {[%emt 00:03:56]}
37. Qb3 {[%clk 00:34:05]} {[%emt 00:00:06]} Bxg5 {[%clk 00:26:34]} {[%emt
00:00:17]} 38. fxg5 {[%clk 00:34:30]} {[%emt 00:00:06]} dxc4 {[%clk 00:24:02]}
{[%emt 00:03:02]} 39. Bxc4 {[%clk 00:34:37]} {[%emt 00:00:23]} Rh3 {[%clk
00:22:58]} {[%emt 00:01:34]} 40. Qc2 {[%clk 00:31:02]} {[%emt 00:04:04]} Bd7
{[%clk 00:23:17]} {[%emt 00:00:11]} 41. d5 {[%clk 00:29:04]} {[%emt 00:02:28]}
e5 {[%clk 00:23:11]} {[%emt 00:00:37]} 42. d6 {[%clk 00:28:48]} {[%emt
00:00:45]} Rh1 {[%clk 00:21:08]} {[%emt 00:02:33]} 43. Rd5 {[%clk 00:25:31]}
{[%emt 00:03:48]} Re1 {[%clk 00:15:18]} {[%emt 00:06:19]} 44. Qc3 {[%clk
00:20:37]} {[%emt 00:05:24]} 1-0

[Event "English Open Championship 2024"]
[Site "Holiday Inn, 212 Abbey End, Kenilworth CV8 1ED, United Kingdom"]
[Date "2024.06.21"]
[Round "4.7"]
[White "Jackson, James P"]
[Black "Derakhshani, Borna"]
[Result "1-0"]
[TimeControl "G90 + 30secs/move"]
[WhiteFideId "416860"]
[BlackFideId "12518450"]
[WhiteElo "2358"]
[BlackElo "2355"]

1. c4 {[%clk 01:30:57]} {[%emt 00:00:03]} e5 {[%clk 01:27:33]} {[%emt
00:03:27]} 2. Nc3 {[%clk 01:31:12]} {[%emt 00:00:15]} Nf6 {[%clk 01:25:37]}
{[%emt 00:02:26]} 3. Nf3 {[%clk 01:31:16]} {[%emt 00:00:26]} e4 {[%clk
01:26:03]} {[%emt 00:00:04]} 4. Ng5 {[%clk 01:30:57]} {[%emt 00:00:49]} c6
{[%clk 01:26:28]} {[%emt 00:00:05]} 5. Qa4 {[%clk 01:29:46]} {[%emt 00:01:41]}
Qe7 {[%clk 01:26:53]} {[%emt 00:00:05]} 6. Qc2 {[%clk 01:29:58]} {[%emt
00:00:18]} b5 {[%clk 01:26:33]} {[%emt 00:00:50]} 7. cxb5 {[%clk 01:28:30]}
{[%emt 00:01:58]} d5 {[%clk 01:26:50]} {[%emt 00:00:13]} 8. e3 {[%clk
01:26:59]} {[%emt 00:02:01]} c5 {[%clk 01:20:25]} {[%emt 00:06:55]} 9. d3
{[%clk 01:13:50]} {[%emt 00:13:38]} h6 {[%clk 01:18:09]} {[%emt 00:02:46]} 10.
Nh3 {[%clk 01:14:15]} {[%emt 00:00:05]} Bb7 {[%clk 01:17:15]} {[%emt 00:01:24]}
11. dxe4 {[%clk 01:09:59]} {[%emt 00:04:46]} dxe4 {[%clk 01:16:21]} {[%emt
00:01:24]} 12. b3 {[%emt 00:10:40]} Nbd7 {[%clk 01:12:30]} 13. Bb2 {[%clk
01:01:08]} {[%emt 00:03:32]} g5 {[%clk 01:12:21]} {[%emt 00:00:38]} 14. O-O-O
{[%clk 00:39:21]} {[%emt 00:22:16]} Bg7 {[%clk 01:12:28]} {[%emt 00:00:25]} 15.
Ng1 {[%clk 00:37:30]} {[%emt 00:02:21]} Ne5 {[%clk 01:09:19]} {[%emt 00:03:39]}
16. h4 {[%clk 00:33:28]} {[%emt 00:04:31]} g4 {[%clk 00:58:56]} {[%emt
00:10:53]} 17. Bc4 {[%clk 00:28:22]} {[%emt 00:05:36]} O-O {[%clk 00:57:11]}
{[%emt 00:02:15]} 18. Nge2 {[%clk 00:28:27]} {[%emt 00:00:25]} a6 {[%clk
00:53:23]} {[%emt 00:04:19]} 19. b6 {[%clk 00:26:49]} {[%emt 00:02:08]} Nfd7
{[%clk 00:38:13]} {[%emt 00:15:40]} 20. Nf4 {[%clk 00:18:06]} {[%emt 00:09:13]}
Nxc4 {[%clk 00:31:00]} {[%emt 00:07:42]} 21. Rxd7 {[%clk 00:14:18]} {[%emt
00:04:18]} Qxd7 {[%clk 00:30:08]} {[%emt 00:01:22]} 22. bxc4 {[%clk 00:14:42]}
{[%emt 00:00:06]} Rad8 {[%clk 00:17:08]} {[%emt 00:13:30]} 23. Ncd5 {[%clk
00:13:01]} {[%emt 00:02:11]} Bxd5 {[%clk 00:17:12]} {[%emt 00:00:26]} 24. Nxd5
{[%clk 00:12:21]} {[%emt 00:01:10]} Qe6 {[%clk 00:17:30]} {[%emt 00:00:12]} 25.
Bxg7 {[%clk 00:11:26]} {[%emt 00:01:24]} Kxg7 {[%clk 00:17:49]} {[%emt
00:00:13]} 26. Qb2+ {[%clk 00:11:52]} {[%emt 00:00:04]} f6 {[%clk 00:17:57]}
{[%emt 00:00:22]} 27. Rd1 {[%clk 00:11:39]} {[%emt 00:00:42]} Rd6 {[%clk
00:16:38]} {[%emt 00:01:49]} 28. a4 {[%clk 00:12:03]} {[%emt 00:00:07]} a5
{[%clk 00:16:30]} {[%emt 00:00:38]} 29. Qb5 {[%clk 00:11:30]} {[%emt 00:01:02]}
Rb8 {[%clk 00:12:16]} {[%emt 00:04:44]} 30. Qxc5 {[%clk 00:09:37]} {[%emt
00:02:23]} Rc6 {[%clk 00:11:48]} {[%emt 00:00:58]} 31. Qb5 {[%clk 00:09:40]}
{[%emt 00:00:27]} Rbc8 {[%clk 00:10:17]} {[%emt 00:02:02]} 32. Rd4 {[%clk
00:10:04]} {[%emt 00:00:05]} Rc5 {[%clk 00:10:24]} {[%emt 00:00:23]} 33. Nc7
{[%clk 00:08:20]} {[%emt 00:02:14]} R8xc7 {[%clk 00:08:58]} {[%emt 00:01:57]}
34. bxc7 {[%clk 00:08:44]} {[%emt 00:00:05]} Rxc7 {[%clk 00:07:42]} {[%emt
00:01:46]} 35. g3 {[%clk 00:06:59]} {[%emt 00:02:16]} Qe7 {[%clk 00:02:49]}
{[%emt 00:05:23]} 36. Kc2 {[%clk 00:07:20]} {[%emt 00:00:08]} Rb7 {[%clk
00:02:29]} {[%emt 00:00:50]} 37. Qf5 {[%clk 00:06:45]} {[%emt 00:01:05]} Qe8
{[%clk 00:02:43]} {[%emt 00:00:16]} 38. c5 {[%clk 00:06:04]} {[%emt 00:01:11]}
Qf7 {[%clk 00:02:29]} {[%emt 00:00:44]} 39. Qd5 {[%clk 00:04:42]} {[%emt
00:01:52]} Qc7 {[%clk 00:01:20]} {[%emt 00:01:39]} 40. Rxe4 {[%clk 00:04:18]}
{[%emt 00:00:55]} Qc8 {[%clk 00:00:42]} {[%emt 00:01:08]} 41. c6 {[%clk
00:02:30]} {[%emt 00:02:17]} Rc7 {[%clk 00:00:38]} {[%emt 00:00:34]} 42. Rc4
{[%clk 00:02:56]} {[%emt 00:00:04]} Kh8 {[%clk 00:00:49]} {[%emt 00:00:19]} 43.
h5 {[%clk 00:03:02]} {[%emt 00:00:24]} Qe8 {[%clk 00:00:50]} {[%emt 00:00:30]}
44. e4 {[%clk 00:03:09]} {[%emt 00:00:23]} Kg7 {[%clk 00:00:32]} {[%emt
00:00:48]} 45. e5 {[%clk 00:03:11]} {[%emt 00:00:27]} f5 {[%clk 00:00:31]}
{[%emt 00:00:31]} 46. Qd6 {[%clk 00:03:25]} {[%emt 00:00:16]} Rc8 {[%clk
00:00:32]} {[%emt 00:00:30]} 47. c7 {[%clk 00:02:52]} {[%emt 00:01:03]} Kh7
{[%clk 00:00:32]} {[%emt 00:00:30]} 48. Rc6 {[%clk 00:02:33]} {[%emt 00:00:49]}
1-0